00974nam a2200277 a 450000100060000000300080000600500170001400800390003102000170007002000150008703500190010204000320012104100080015308200310016110000390019224500670023126000390029830000390033750400500037665100310042665100380045765100390049594200120053499900170054695201330056335120BD-RjUL20211209052250.0140521s1981 ii ab b 001 0 eng a0333903129 : a0865311846 a(BD-RjUL)35214 aDLCcDLCdDLCdBD-RjULbeng aeng00a304.62095496219bPOP 19811 aPoffenberger, Mark,d1950-910693710aPatterns of change in the Nepal Himalaya /cMark Poffenberger. aDelhi :bMacmillan,cc1980 [1981]. avi, 116 p. :bill., maps ;c22 cm. aIncludes bibliography (p. 106-111) and index. 0aNepalxPopulation.9106938 0aNepalxSocial conditions.9106939 0aNepalxEconomic conditions.912457 2ddccBK c35120d35120 00102ddc40718NFICaRUCLbRUCLcReadingd1994-07-23eGiftl0o304.62095496 POP 1981r2014-05-21 00:00:00tC-1w2014-05-21yBK